000 00613nam a2200229Ia 4500
003 OSt
005 20221007074246.0
006 a|||||r|||| 00| 0
007 ta
008 221006b |||||||| |||| 00| 0 eng d
024 _a13,354
037 _cTextual
040 _aFLL
_cFLL
_beng
041 _2eng
_aeng
082 _aV73:2:9Z, L1
100 _aFincher Ernest B.
_9692847
245 0 _aGovernment of the United States
260 _aN.J.
_bPrentice-Hall, Inc. N.J.
_c1971
300 _a397p
_ccm.
942 _hV73:2:9Z, L1
_cTEXL
_2CC
999 _c1151723
_d1151723